Statistics for Countries Legalize Same-Sex Marriage

Click here to take the quiz!

General Stats

  • This quiz has been taken 42 times
  • The average score is 28 of 33

Answer Stats

TimeCountry% Correct
2005/07/20Canada
100%
2010/06/05Portugal
100%
2005/07/03Spain
100%
2015/06/26United States
100%
2003/06/01Belgium
97%
2017/03/01Finland
97%
2013/08/01France
97%
2001/04/01Netherlands
97%
2009/01/01Norway
97%
2009/05/01Sweden
97%
2020/01/13United Kingdom
97%
2012/06/15Denmark
94%
2015/01/01Luxembourg
94%
2017/09/09Australia
90%
2017/10/01Germany
90%
2022/07/01Switzerland
90%
2019/01/01Austria
87%
2010/06/27Iceland
87%
2013/08/19New Zealand
87%
2023/02/17Andorra
81%
2010/07/22Argentina
81%
2013/05/16Brazil
81%
2017/09/01Malta
81%
2013/08/05Uruguay
81%
2022/03/10Chile
77%
2016/04/28Colombia
77%
2006/11/30South Africa
77%
2015/11/16Ireland
74%
2022/07/08Slovenia
68%
2019/05/24Taiwan
68%
2020/05/26Costa Rica
65%
2022/09/27Cuba
65%
2019/07/08Ecuador
65%

Score Distribution

Percentile by Number Answered

Percent of People with Each Score

Your Score History

You have not taken this quiz